• 首页
  • 本馆介绍
  • 公告通知
  • 最新文献
  • 馆藏检索
  • 电子资源
  • 读者导购
  • 参考咨询
  • 我的图书馆
  • 登录
  • 详细信息显示
  • 放入我的书架
  • 预约/预借图书
  • 作者相关作品
  • 分类相关作品
  • 丛书相关作品
  • 出版社相关作品

书目信息

  • 表格格式
  • 工作单格式
  • 卡片格式
书名: The Word finder
作者: compiled and edited by J.I. Rodale ; with the collaboration of Kingsbury M. Badger ... [et al.].
分册号:
分册名:
出版地: Emmaus, Pa. :
 
出版社: Rodale Books
出版时间: c1947.
页数: xxv, 1317 p. ;
开本: 24 cm.
丛书名:
中图分类号:
科图分类号:
其他分类号: H315-61
主题词:
电子资源:
000 00799nam 2200241 a 4504
001 E0738202316
003 CaOON
005 20070303091920.00
008 030506s1947 pau eng c
010    @a47011408
020    @cCNY6.50.
040    @aCaOOAG@beng
090    @aJ684.7042/W1
090    @aH315-61
093    @aJ684.7042 @2 4
099    @dH315-61@ex31
100 1  @aRodale, J. I.@q(Jerome Irving),@d1898-1971.
245 04 @aThe Word finder / @ccompiled and edited by J.I. Rodale ; with the collaboration of Kingsbury M. Badger ... [et al.].
260    @aEmmaus, Pa. :@bRodale Books,@cc1947.
300    @axxv, 1317 p. ;@c24 cm.
650  0 @aEnglish language@xGlossaries, vocabularies, etc.
650  0 @aEnglish language@xSynonyms and antonyms.
650  0 @aVocabulary.
    
    The Word finder / / compiled and edited by J.I. Rodale ; with the collaboration of Kingsbury M. Badger ... [et al.].-Emmaus, Pa. : : Rodale Books, , c1947.
    xxv, 1317 p. ; ; 24 cm.
    
    
    ISBN CNY6.50.
    
●
相关链接 在E读中查询图书 在五车中查询图书 在当当中查询图书 在豆瓣中查询图书


正题名:Word finder     索取号:H315-61/x31         预约/预借

序号 登录号 条形码 馆藏地/架位号 状态 备注
1 183080   000983225   第四借阅区/ [索取号:H315-61/x31] 在馆    
2 58966   000983109   第二样本阅览室/ [索取号:H315-61/x31] 在馆    
3 58968   202462842   第四借阅区/ [索取号:H315-61/x31] 在馆    
4 73399   000983145   第四借阅区/ [索取号:H315-61/x31] 在馆    
5 73400   000983181   第四借阅区/ [索取号:H315-61/x31] 在馆    
唐山师范学院图书馆 欢迎您!
大连网信软件有限公司© 版权所有